000 02639cam a2200361 4500500
005 20251228073438.0
041 _afre
042 _adc
100 1 0 _aThornton, Sara
_eauthor
245 0 0 _aÉcriture et morsure : l'extase de la ponctuation dans Dracula de Bram Stoker
260 _c2007.
500 _a4
520 _aRésuméCet article s’attarde sur un des signes-clef du roman de Bram Stoker Dracula : les marques des crocs de Dracula dans la chair de ses victimes. Percer la peau ( puncture en anglais) est une manière de ponctuer la chair ( punctuate the flesh). Les marques que laisse Dracula - minutieusement décrites comme deux petits trous ou « deux points » (souvent montrés dans les films) – sont un signe de l’extase que produit la rencontre avec le personnage de Dracula, marques de ponctuation qui ébranlent toute une hégémonie sociale et esthétique et refusent la clôture. Ces marques doubles doivent être à tout prix effacées par les chasseurs de vampire qui tentent de remplacer ce signe pluriel (signe de l’insubordination) par leur propre marque ou « point final » singulier. Nous étudierons les stratégies qui visent à contrôler l’extase que l’écriture du vampire introduit dans les pages du roman.
520 _aThis article looks at one of the central signs in Bram Stoker’s novel: the marks left by Dracula’s fangs in the flesh of his victims. To puncture the skin is a way of punctuating the flesh. The marks are described in the minutest detail both in novel and film: two little holes or points which translate the ecstasy of the encounter with Dracula and which look like a colon. This punctuation mark throws into turmoil an entire system of power and aesthetics and refuses all closure. The vampire hunters must eliminate these dangerous plural marks which are also marks of plurality by replacing them with a single mark or full stop. We will study the strategies used by the hunters to control the subversive ecstasy introduced into the text by vampiric writing.
690 _aDracula
690 _aécriture
690 _amorsure
690 _apluralité
690 _aponctuation
690 _aStoker
690 _asubversion
690 _avampirisme
690 _abite
690 _aDracula
690 _aplurality
690 _apunctuation
690 _aStoker
690 _asubversion
690 _avampirism
690 _awriting
786 0 _nSavoirs et clinique | 8 | 1 | 2007-10-18 | p. 81-86 | 1634-3298
856 4 1 _uhttps://shs.cairn.info/revue-savoirs-et-cliniques-2007-1-page-81?lang=fr&redirect-ssocas=7080
999 _c1595218
_d1595218